[Event "37. WGM March 8th"]
[Site "Belgrado SCG"]
[Date "2005.03.11"]
[Round "6.2"]
[White "Dimitrijevic, Aleksandra"]
[Black "Petrenko, Svetlana"]
[Result "1-0"]
[WhiteElo "2295"]
[BlackElo "2364"]
[PlyCount "101"]
[EventDate "2005.03.06"]
[EventType "tourn"]
[EventRounds "9"]
[Source "lmi"]
[SourceDate "2005.03.15"]

1. Nf3 g6 2. c4 Nf6 3. b3 Bg7 4. Bb2 O-O 5. e3 c5 6. Be2 d6 7. O-O Nc6 8. d4
Ne4 9. Nbd2 Nxd2 10. Qxd2 e5 11. Rad1 e4 12. Ne1 Qe7 13. Nc2 Qg5 14. Kh1 Bg4
15. Bxg4 Qxg4 16. b4 a5 17. bxc5 dxc5 18. Ba3 b6 19. dxc5 Rfd8 20. Qc1 Ne5 21.
Rxd8+ Rxd8 22. cxb6 Nxc4 23. b7 Qd7 24. Nd4 Ne5 25. Qb1 Rb8 26. Rc1 Nd3 27.
Rc8+ Rxc8 28. b8=Q Bxd4 29. Q8b7 Nxf2+ 30. Kg1 Qg4 31. Kxf2 Qf4+ 32. Kg1 Bxe3+
33. Kh1 Rc1+ 34. Qxc1 Bxc1 35. Qc8+ Kg7 36. Qxc1 Qxc1+ 37. Bxc1 a4 38. Kg1 Kf6
39. Bb2+ Ke6 40. Kf2 f5 41. Ke3 Kd5 42. a3 Kc4 43. g4 Kb3 44. gxf5 gxf5 45. Bd4
Kc4 46. Bf6 Kd5 47. h4 Kc4 48. h5 Kb3 49. Be7 Kc4 50. Bb4 Kd5 51. Kf4 1-0

[Event "37. WGM March 8th"]
[Site "Belgrado SCG"]
[Date "2005.03.11"]
[Round "6.3"]
[White "Drljevic, Ljilja"]
[Black "Olarasu, Gabriela"]
[Result "1-0"]
[WhiteElo "2189"]
[BlackElo "2327"]
[PlyCount "91"]
[EventDate "2005.03.06"]
[EventType "tourn"]
[EventRounds "9"]
[Source "lmi"]
[SourceDate "2005.03.15"]

1. e4 e5 2. Nf3 Nc6 3. Nc3 Nf6 4. d4 exd4 5. Nxd4 Bb4 6. Nxc6 bxc6 7. Bd3 d5 8.
exd5 cxd5 9. O-O O-O 10. Bg5 c6 11. Qf3 Bd6 12. h3 Be5 13. Rfe1 Qd6 14. Rad1 h6
15. Bd2 Be6 16. Na4 Nd7 17. Re2 Bf6 18. Bf4 Qb4 19. b3 Kh8 20. Qg3 Rfc8 21.
Rxe6 fxe6 22. Bd6 Qh4 23. Qg6 Nf8 24. Bxf8 Kg8 25. Bc5 Qg5 26. Qh7+ Kf7 27. f4
Qg3 28. f5 e5 29. Qg6+ Qxg6 30. fxg6+ Ke8 31. Bf5 Rd8 32. Be6 d4 33. Rf1 Rd7
34. Bxd7+ Kxd7 35. Ba3 Ke6 36. Nc5+ Kd5 37. c4+ Kd6 38. Ne4+ Ke6 39. Nc5+ Kd6
40. Ne4+ Ke6 41. Nxf6 gxf6 42. g7 Rg8 43. Bf8 e4 44. g4 Ke5 45. Rf5+ Ke6 46.
Kf2 1-0

[Event "37. WGM March 8th"]
[Site "Belgrado SCG"]
[Date "2005.03.11"]
[Round "6.4"]
[White "Petrovic, Marija"]
[Black "Stojanovic, Marija"]
[Result "0-1"]
[WhiteElo "2221"]
[BlackElo "2182"]
[PlyCount "126"]
[EventDate "2005.03.06"]
[EventType "tourn"]
[EventRounds "9"]
[Source "lmi"]
[SourceDate "2005.03.15"]

1. d4 Nf6 2. Nf3 c5 3. e3 e6 4. Bd3 d5 5. b3 Bd6 6. Bb2 Nc6 7. a3 O-O 8. Nbd2
Qe7 9. Ne5 cxd4 10. exd4 Ne8 11. Qf3 Qc7 12. Qh3 g6 13. Ndf3 f6 14. Nxc6 bxc6
15. Qh6 a5 16. Qe3 Ng7 17. c4 Ba6 18. c5 Bf4 19. Qe2 Bxd3 20. Qxd3 e5 21. dxe5
fxe5 22. Qc3 e4 23. Nd2 Rae8 24. Nf1 Be5 25. Qc2 Ne6 26. O-O-O Bxb2+ 27. Kxb2
Qe7 28. Ka2 Qxc5 29. Qxc5 Nxc5 30. Rd2 Rb8 31. Ne3 Nxb3 32. Rc2 Nd4 33. Rd2 Nb5
34. Rc1 Rb6 35. Ng4 d4 36. Kb3 Rf5 37. Nh6+ Kg7 38. Nxf5+ gxf5 39. Kc4 d3 40.
Kc5 Rb8 41. a4 Na3 42. g4 fxg4 43. Rg1 h5 44. h3 Nb1 45. Ra2 Nc3 46. Raa1 Ne2
47. Rh1 g3 48. fxg3 Nxg3 49. Rhg1 h4 50. Kd4 Rb4+ 51. Ke3 Kf6 52. Ra2 c5 53.
Kd2 Ke5 54. Ke3 c4 55. Rc1 Nf5+ 56. Kf2 Kd4 57. Kg2 c3 58. Kf2 Rb2+ 59. Rxb2
cxb2 60. Rg1 Kc3 61. Rg5 b1=Q 62. Rxf5 Qb6+ 63. Kf1 e3 0-1

[Event "37. WGM March 8th"]
[Site "Belgrado SCG"]
[Date "2005.03.11"]
[Round "6.5"]
[White "Rakic, Marija"]
[Black "Chelushkina, Irina"]
[Result "0-1"]
[WhiteElo "2044"]
[BlackElo "2369"]
[PlyCount "48"]
[EventDate "2005.03.06"]
[EventType "tourn"]
[EventRounds "9"]
[Source "lmi"]
[SourceDate "2005.03.15"]

1. d4 g6 2. c4 Bg7 3. Nc3 c5 4. d5 f5 5. Qc2 Na6 6. f3 d6 7. e4 Nf6 8. Bg5 O-O
9. Qd2 Qa5 10. Rc1 Bd7 11. Bd3 fxe4 12. fxe4 e6 13. Nf3 exd5 14. exd5 Rae8+ 15.
Be2 b5 16. cxb5 Bxb5 17. Nxb5 Qxb5 18. Be3 Qb4 19. O-O Qxd2 20. Nxd2 Nc7 21.
Nc4 Nfxd5 22. Rxf8+ Bxf8 23. Kf2 Nxe3 24. Nxe3 Rxe3 0-1

[Event "37. WGM March 8th"]
[Site "Belgrado SCG"]
[Date "2005.03.12"]
[Round "7.1"]
[White "Chelushkina, Irina"]
[Black "Trujillo Delgado, Dafnae"]
[Result "1-0"]
[WhiteElo "2369"]
[BlackElo "2173"]
[PlyCount "139"]
[EventDate "2005.03.06"]
[EventType "tourn"]
[EventRounds "9"]
[Source "lmi"]
[SourceDate "2005.03.15"]

1. g3 e5 2. d4 exd4 3. Qxd4 Nc6 4. Qd1 Bc5 5. Bg2 Nf6 6. Nf3 O-O 7. O-O h6 8.
c3 a5 9. a4 d6 10. Nbd2 Re8 11. Nc4 Be6 12. Ne3 Qd7 13. Nd4 Bh3 14. Nxc6 bxc6
15. Qd3 Rab8 16. Nc4 Bf5 17. Qd1 Bg4 18. Bf3 Bxf3 19. exf3 Qh3 20. Ne3 Re5 21.
Re1 Rbe8 22. Bd2 Bxe3 23. fxe3 d5 24. b4 Nh5 25. Re2 axb4 26. cxb4 d4 27. e4 f5
28. Qb3+ Kh8 29. Qd3 fxe4 30. fxe4 Qg4 31. Rae1 Nf6 32. Bf4 R5e7 33. Qxd4 Nh5
34. Rf2 Rd7 35. Qc3 Rd1 36. Rxd1 Qxd1+ 37. Rf1 Nxf4 38. gxf4 Qg4+ 39. Qg3 Qxg3+
40. hxg3 Rxe4 41. a5 Rxb4 42. Ra1 Rb7 43. Kf2 Kg8 44. Ke3 Kf7 45. Kd4 Ke7 46.
Kc5 Kd7 47. Rd1+ Kc8 48. Kxc6 Rb3 49. g4 Rb4 50. Rf1 Kb8 51. g5 hxg5 52. fxg5
Rc4+ 53. Kb5 Rg4 54. Ka6 c5 55. Kb6 Rb4+ 56. Kxc5 Rg4 57. Rf8+ Ka7 58. Rf7+ Ka6
59. Rxg7 Rg1 60. Rg8 Rc1+ 61. Kd6 Kxa5 62. Ke6 Kb6 63. Rd8 Kc7 64. Rd7+ Kc8 65.
Rd4 Re1+ 66. Kf6 Rf1+ 67. Kg7 Rg1 68. g6 Kc7 69. Kf6 Rf1+ 70. Kg5 1-0

[Event "37. WGM March 8th"]
[Site "Belgrado SCG"]
[Date "2005.03.12"]
[Round "7.2"]
[White "Stojanovic, Marija"]
[Black "Rakic, Marija"]
[Result "1-0"]
[WhiteElo "2182"]
[BlackElo "2044"]
[PlyCount "75"]
[EventDate "2005.03.06"]
[EventType "tourn"]
[EventRounds "9"]
[Source "lmi"]
[SourceDate "2005.03.15"]

1. e4 Nf6 2. e5 Nd5 3. d4 d6 4. c4 Nb6 5. exd6 exd6 6. Nc3 Be7 7. Be2 O-O 8.
Nf3 Bf5 9. O-O Bf6 10. Be3 Nc6 11. Rc1 d5 12. c5 Nc4 13. Nxd5 Nxe3 14. Nxf6+
Qxf6 15. fxe3 Rfe8 16. Qb3 Qh6 17. Rc3 b6 18. Bb5 Na5 19. Qa3 c6 20. Ba6 Bc8
21. Bxc8 Rexc8 22. b4 Nb7 23. Ne5 Nd8 24. Qb3 Rc7 25. cxb6 axb6 26. b5 Raa7 27.
bxc6 Qd6 28. Qxb6 Rxa2 29. Qb8 Qd5 30. Nf3 Qd6 31. Qb3 Ra5 32. Ne5 g6 33. Rfc1
Raa7 34. Rc5 Ne6 35. Rd5 Ra3 36. Rxd6 Rxb3 37. Rd7 Rxe3 38. d5 1-0

[Event "37. WGM March 8th"]
[Site "Belgrado SCG"]
[Date "2005.03.12"]
[Round "7.3"]
[White "Olarasu, Gabriela"]
[Black "Petrovic, Marija"]
[Result "1/2-1/2"]
[WhiteElo "2327"]
[BlackElo "2221"]
[PlyCount "168"]
[EventDate "2005.03.06"]
[EventType "tourn"]
[EventRounds "9"]
[Source "lmi"]
[SourceDate "2005.03.15"]

1. d4 g6 2. c4 Bg7 3. e4 d6 4. Nc3 e5 5. d5 Nd7 6. Bd3 Nc5 7. Bc2 a5 8. a3 Ne7
9. Rb1 O-O 10. b4 axb4 11. axb4 Na6 12. Nf3 h6 13. O-O f5 14. Ne1 Nb8 15. Bd2
Nd7 16. Ra1 Rxa1 17. Qxa1 Nf6 18. f3 f4 19. Nd3 g5 20. Nf2 h5 21. h3 g4 22.
fxg4 hxg4 23. Nxg4 Bxg4 24. hxg4 Nxg4 25. Bd1 Nf6 26. Bf3 c6 27. dxc6 Nxc6 28.
Nd5 Nd4 29. Nxf6+ Rxf6 30. Qa5 b6 31. Qd5+ Kh7 32. Bc3 Rh6 33. Bxd4 exd4 34.
Ra1 Qf6 35. Bg4 Rh4 36. Bf5+ Kh6 37. Ra3 Rh5 38. Rd3 Qe7 39. Qg8 Kg5 40. Kf2
Rh8 41. Qd5 Qe5 42. Qb7 Rh6 43. Qxb6 Qe7 44. Qb8 Rh8 45. Qb5 Be5 46. Qd7 Qf6
47. Qa4 Rh1 48. Qe8 Kh6 49. Qe6 Qxe6 50. Bxe6 Rb1 51. b5 Kg5 52. Bd5 Rb2+ 53.
Ke1 Kf6 54. Kd1 Ke7 55. Kc1 Rxg2 56. b6 Rh2 57. Rb3 Rh8 58. b7 Rb8 59. Rh3 d3
60. Kd2 Bd4 61. Rh7+ Kf6 62. Rf7+ Kg5 63. Rf5+ Kg4 64. Be6 Kg3 65. Bc8 f3 66.
Kxd3 Bb6 67. Rb5 Bc7 68. Rf5 Bb6 69. Kd2 Kg2 70. Rg5+ Kf2 71. Rg7 Ba5+ 72. Kd3
Bb6 73. Rg8 Ke1 74. Rg7 f2 75. Bh3 f1=Q+ 76. Bxf1 Kxf1 77. e5 dxe5 78. Ke4 Rd8
79. Rf7+ Ke2 80. Kxe5 Kd3 81. c5 Bxc5 82. Rd7+ Rxd7 83. b8=Q Bd6+ 84. Qxd6+
Rxd6 1/2-1/2

[Event "37. WGM March 8th"]
[Site "Belgrado SCG"]
[Date "2005.03.12"]
[Round "7.4"]
[White "Petrenko, Svetlana"]
[Black "Drljevic, Ljilja"]
[Result "1-0"]
[WhiteElo "2364"]
[BlackElo "2189"]
[PlyCount "137"]
[EventDate "2005.03.06"]
[EventType "tourn"]
[EventRounds "9"]
[Source "lmi"]
[SourceDate "2005.03.15"]

1. e4 g6 2. d4 c6 3. Nf3 Bg7 4. Bc4 Nf6 5. e5 Ne4 6. O-O d5 7. Bb3 O-O 8. Be3
Bg4 9. h3 Bf5 10. c4 Na6 11. a3 Nc7 12. Bc2 Qd7 13. c5 f6 14. exf6 exf6 15. Nc3
Rae8 16. Bd3 g5 17. Nh2 Ne6 18. Ne2 Qc7 19. Qc2 Bg6 20. f3 f5 21. fxe4 fxe4 22.
Bc4 dxc4 23. Qxc4 Bf7 24. Qc2 Bg6 25. Qd2 Nf4 26. Rad1 Nd5 27. Bxg5 e3 28.
Rxf8+ Bxf8 29. Qe1 h6 30. Bh4 Nf4 31. Nxf4 Qxf4 32. Bg3 Qe4 33. Be5 Bxc5 34.
Ng4 Be7 35. Qxe3 Qxe3+ 36. Nxe3 Bg5 37. Nc4 Rd8 38. Nd6 Rd7 39. Kf2 Be7 40. Nc4
Kf7 41. g3 Ke6 42. Bf4 h5 43. Ne5 Bc2 44. Rd2 Be4 45. Nxd7 Kxd7 46. g4 hxg4 47.
hxg4 Bd5 48. g5 b5 49. Ke3 a5 50. Rh2 Ke6 51. Rh7 c5 52. Rh5 Bc4 53. Be5 Kf5
54. Bf6 Bd6 55. dxc5 Bxc5+ 56. Kd2 Bd6 57. Ke3 Bg3 58. Rh1 Bd5 59. Rg1 Bc7 60.
Rd1 Be6 61. Rf1+ Kg6 62. Rh1 Bg3 63. Kd4 Bd6 64. Be5 Be7 65. Bf4 Kf5 66. Bd2
Bd6 67. Rf1+ Kg4 68. Rf6 Bf8 69. Rxf8 1-0

[Event "37. WGM March 8th"]
[Site "Belgrado SCG"]
[Date "2005.03.13"]
[Round "8.1"]
[White "Trujillo Delgado, Dafnae"]
[Black "Dimitrijevic, Aleksandra"]
[Result "1-0"]
[WhiteElo "2173"]
[BlackElo "2295"]
[PlyCount "119"]
[EventDate "2005.03.06"]
[EventType "tourn"]
[EventRounds "9"]
[Source "lmi"]
[SourceDate "2005.03.15"]

1. e4 c5 2. Nf3 d6 3. d4 cxd4 4. Nxd4 Nf6 5. Nc3 g6 6. Be2 Bg7 7. O-O O-O 8.
Be3 Nc6 9. Nb3 Be6 10. f4 Rc8 11. f5 Bxb3 12. axb3 a6 13. Kh1 Ne5 14. Bf3 Qc7
15. g4 Rfe8 16. g5 Nfd7 17. Bg2 Bf8 18. Rf4 b5 19. Rc1 e6 20. f6 Qd8 21. Rh4
Rc6 22. Ne2 h6 23. Qf1 d5 24. gxh6 Nxf6 25. Bd4 Ned7 26. h7+ Kh8 27. e5 Nxh7
28. Qxf7 Qxh4 29. Nf4 Qxf4 30. Qxf4 Re7 31. Bxd5 Rc8 32. Be4 Rg7 33. Qg4 Bc5
34. Bxc5 Rxc5 35. Qxe6 Rxe5 36. Qc6 Nhf6 37. Bf3 Rf5 38. Bg2 Ng4 39. Kg1 Nde5
40. Qe8+ Kh7 41. h3 Nf6 42. Qe6 Nh5 43. Rf1 Rgf7 44. Rxf5 Rxf5 45. Qe7+ Kh6 46.
h4 Nf6 47. c4 bxc4 48. bxc4 Kh5 49. c5 Kxh4 50. c6 Nxc6 51. Bxc6 g5 52. Bd7 Rf4
53. Qe1+ Kh5 54. Qe2+ Kh6 55. Qxa6 Kh5 56. Qe2+ Kh6 57. Qe6 Kh5 58. b4 Ne4 59.
b5 Nd2 60. Be8+ 1-0

[Event "37. WGM March 8th"]
[Site "Belgrado SCG"]
[Date "2005.03.13"]
[Round "8.2"]
[White "Drljevic, Ljilja"]
[Black "Semenova, Irina"]
[Result "1-0"]
[WhiteElo "2189"]
[BlackElo "2303"]
[PlyCount "81"]
[EventDate "2005.03.06"]
[EventType "tourn"]
[EventRounds "9"]
[Source "lmi"]
[SourceDate "2005.03.15"]

1. e4 e5 2. Nf3 Nc6 3. Bc4 Nf6 4. d4 exd4 5. e5 Ne4 6. O-O Be7 7. Re1 d5 8.
exd6 Nxd6 9. Bd5 Nb4 10. Bb3 O-O 11. Nxd4 c5 12. c3 Na6 13. Nf3 Bf5 14. Bf4 Nc8
15. Bd5 Qb6 16. Nbd2 Bd3 17. Ne5 Bb5 18. a4 Bc6 19. Bxc6 bxc6 20. Nd7 Qxb2 21.
Nxf8 Bxf8 22. Re8 Nb6 23. Rxa8 Nxa8 24. Qc1 Qb7 25. Rb1 Qc8 26. Qb2 Qg4 27. g3
Nb6 28. c4 Nb4 29. Qb3 Nd7 30. Qf3 Qg6 31. Re1 f6 32. Re4 h5 33. Qe2 h4 34. Nf3
hxg3 35. hxg3 Qh5 36. Kg2 a6 37. Bc7 g5 38. Qd2 Qf7 39. Bd6 Kg7 40. Bxf8+ Kxf8
41. Qd6+ 1-0

[Event "37. WGM March 8th"]
[Site "Belgrado SCG"]
[Date "2005.03.13"]
[Round "8.3"]
[White "Petrovic, Marija"]
[Black "Petrenko, Svetlana"]
[Result "1-0"]
[WhiteElo "2221"]
[BlackElo "2364"]
[PlyCount "109"]
[EventDate "2005.03.06"]
[EventType "tourn"]
[EventRounds "9"]
[Source "lmi"]
[SourceDate "2005.03.15"]

1. d4 Nf6 2. Nf3 g6 3. Bg5 d5 4. Nbd2 Bg7 5. e3 O-O 6. Be2 c5 7. c3 b6 8. O-O
Bb7 9. b4 c4 10. a4 a6 11. b5 a5 12. Ne5 Ne8 13. Bh4 f6 14. Nef3 Nd6 15. Qc2
Nd7 16. Rfe1 Rc8 17. Bf1 Qe8 18. Bg3 Nf5 19. e4 Nxg3 20. hxg3 Qf7 21. exd5 Bxd5
22. Ne4 Bh6 23. Qe2 Rfe8 24. Ra2 Qe6 25. Qc2 Qf7 26. Qd1 g5 27. g4 Nf8 28. Rae2
Ng6 29. g3 Bg7 30. Bg2 Red8 31. Qc2 h6 32. Ned2 e6 33. Nf1 f5 34. N3d2 Bxg2 35.
Kxg2 e5 36. gxf5 Qd5+ 37. Qe4 Ne7 38. dxe5 Nxf5 39. Nf3 Qxe4 40. Rxe4 Rd3 41.
Ne3 Ne7 42. Rxc4 Rxc3 43. Rxc8+ Rxc8 44. Rd1 Ng6 45. Rd6 Nxe5 46. Nxe5 Bxe5 47.
Rxb6 Bd4 48. Rc6 Re8 49. Nf5 Rd8 50. Nxh6+ Kf8 51. Nf5 Rd5 52. g4 Be5 53. b6
Bf4 54. Rc8+ Kf7 55. b7 1-0

[Event "37. WGM March 8th"]
[Site "Belgrado SCG"]
[Date "2005.03.13"]
[Round "8.4"]
[White "Rakic, Marija"]
[Black "Olarasu, Gabriela"]
[Result "0-1"]
[WhiteElo "2044"]
[BlackElo "2327"]
[PlyCount "62"]
[EventDate "2005.03.06"]
[EventType "tourn"]
[EventRounds "9"]
[Source "lmi"]
[SourceDate "2005.03.15"]

1. d4 Nf6 2. c4 e6 3. Nf3 b6 4. g3 Bb4+ 5. Nbd2 Ba6 6. b3 Bc3 7. Rb1 Bb7 8. Bb2
Ne4 9. Rg1 Qf6 10. Bc1 Nxd2 11. Bxd2 Bxd4 12. Nxd4 Qxd4 13. e3 Qf6 14. Qc2 d6
15. b4 Nd7 16. Bc3 e5 17. Bh3 Qe7 18. Qa4 Be4 19. Rd1 f5 20. c5 O-O 21. cxd6
cxd6 22. f4 Rac8 23. Rc1 Rc7 24. Kd2 Rfc8 25. Qb3+ Qf7 26. Qb2 Qd5+ 27. Ke1 Qd3
28. Bd2 Bf3 29. Bf1 Rxc1+ 30. Bxc1 Qd1+ 31. Kf2 Rc2+ 0-1

[Event "37. WGM March 8th"]
[Site "Belgrado SCG"]
[Date "2005.03.13"]
[Round "8.5"]
[White "Chelushkina, Irina"]
[Black "Stojanovic, Marija"]
[Result "1/2-1/2"]
[WhiteElo "2369"]
[BlackElo "2182"]
[PlyCount "131"]
[EventDate "2005.03.06"]
[EventType "tourn"]
[EventRounds "9"]
[Source "lmi"]
[SourceDate "2005.03.15"]

1. g3 e5 2. d4 exd4 3. Qxd4 Nc6 4. Qd1 Nf6 5. Bg2 Bc5 6. Nf3 O-O 7. O-O d6 8.
Nc3 a5 9. b3 Bf5 10. Bg5 h6 11. Bxf6 Qxf6 12. Nd5 Qd8 13. Nh4 Be6 14. c3 Qd7
15. Qd2 Bxd5 16. Bxd5 Rab8 17. a3 Ne5 18. Be4 Rfe8 19. Qc2 b5 20. b4 Bb6 21. a4
Nc4 22. Bh7+ Kh8 23. Bd3 d5 24. axb5 Qxb5 25. Qc1 axb4 26. cxb4 Qxb4 27. Qf4
Qe7 28. Qf5 g6 29. Qxd5 Ne5 30. Ra4 Nxd3 31. exd3 Rbd8 32. Qf3 Rd4 33. Rxd4
Bxd4 34. Qf4 Bg7 35. Nf3 Qd7 36. Qc4 Re7 37. Kg2 Qe6 38. Qh4 Qf6 39. Qa4 Qd6
40. Qb5 Qd7 41. Qc5 Qd6 42. Qxd6 cxd6 43. Rb1 Bf6 44. Rb6 Re6 45. d4 d5 46. Rb5
Rd6 47. Kf1 Kg7 48. Ke2 h5 49. Kd3 Kf8 50. Ne5 Bxe5 51. dxe5 Ra6 52. Rxd5 Ke7
53. h4 Ke6 54. Ke4 f5+ 55. exf6 Kxf6 56. Rd4 Re6+ 57. Kf4 Ra6 58. f3 Rb6 59.
Ra4 Rc6 60. Ke4 Re6+ 61. Kd5 Re3 62. Rf4+ Kg7 63. Kd4 Rb3 64. g4 hxg4 65. Rxg4
Kf6 66. Ke4 1/2-1/2

[Event "37. WGM March 8th"]
[Site "Belgrado SCG"]
[Date "2005.03.14"]
[Round "9.1"]
[White "Stojanovic, Marija"]
[Black "Trujillo Delgado, Dafnae"]
[Result "0-1"]
[WhiteElo "2182"]
[BlackElo "2173"]
[PlyCount "118"]
[EventDate "2005.03.06"]
[EventType "tourn"]
[EventRounds "9"]
[Source "lmi"]
[SourceDate "2005.03.15"]

1. e4 c5 2. Nf3 d6 3. d4 cxd4 4. Nxd4 Nf6 5. Nc3 a6 6. Be2 e6 7. a4 Nc6 8. Be3
Be7 9. O-O O-O 10. Kh1 Qc7 11. f4 Re8 12. Nb3 b6 13. Bf3 Bb7 14. Qe2 Nd7 15.
Qf2 Nc5 16. Rad1 Nb4 17. Nd4 Bf6 18. Qd2 Rad8 19. Ncb5 axb5 20. Nxb5 Qb8 21.
Qxb4 d5 22. e5 Be7 23. Qd4 Ba6 24. Be2 Qb7 25. Rf3 Rc8 26. c3 Red8 27. Rh3 g6
28. Rf1 Qc6 29. Na7 Bxe2 30. Nxc6 Rxc6 31. Re1 Nb3 32. Rxe2 Nxd4 33. Bxd4 Ra8
34. b3 b5 35. Ra2 bxa4 36. b4 Rc4 37. Rd3 Kf8 38. Kg1 Ke8 39. Ra3 Kd7 40. Kf2
Kc6 41. Ke2 Bd8 42. Rh3 h5 43. g4 h4 44. Be3 Bb6 45. Bd2 g5 46. Rf3 Ra7 47. Kd3
Kb5 48. h3 gxf4 49. Rxf4 Rd7 50. Ra1 d4 51. Kc2 Bc7 52. Raf1 Bxe5 53. Rxf7 Rxf7
54. Rxf7 dxc3 55. Bc1 Re4 56. Rb7+ Kc4 57. Rb6 Re2+ 58. Kd1 Rg2 59. Rxe6 c2+
0-1

[Event "37. WGM March 8th"]
[Site "Belgrado SCG"]
[Date "2005.03.14"]
[Round "9.2"]
[White "Olarasu, Gabriela"]
[Black "Chelushkina, Irina"]
[Result "1/2-1/2"]
[WhiteElo "2327"]
[BlackElo "2369"]
[PlyCount "56"]
[EventDate "2005.03.06"]
[EventType "tourn"]
[EventRounds "9"]
[Source "lmi"]
[SourceDate "2005.03.15"]

1. d4 Nf6 2. c4 g6 3. Nc3 d5 4. cxd5 Nxd5 5. Bd2 Bg7 6. e4 Nb6 7. Be3 O-O 8.
Nf3 Bg4 9. Be2 Nc6 10. d5 Bxf3 11. gxf3 Ne5 12. Qb3 c6 13. O-O-O cxd5 14. Nxd5
Nxd5 15. Rxd5 Qc7+ 16. Kb1 Nc6 17. f4 Rfd8 18. Rc1 Rd7 19. Rxd7 Qxd7 20. Bc4 e6
21. Bb5 a6 22. Bxc6 bxc6 23. e5 Rc8 24. Qc4 Qb7 25. Bc5 h5 26. Rc3 Qb5 27. a4
Qxc4 28. Rxc4 Bf8 1/2-1/2

[Event "37. WGM March 8th"]
[Site "Belgrado SCG"]
[Date "2005.03.14"]
[Round "9.3"]
[White "Petrenko, Svetlana"]
[Black "Rakic, Marija"]
[Result "1-0"]
[WhiteElo "2364"]
[BlackElo "2044"]
[PlyCount "73"]
[EventDate "2005.03.06"]
[EventType "tourn"]
[EventRounds "9"]
[Source "lmi"]
[SourceDate "2005.03.15"]

1. e4 Nf6 2. e5 Nd5 3. d4 d6 4. c4 Nb6 5. exd6 exd6 6. Nf3 Be7 7. h3 Bf5 8. Be2
O-O 9. O-O Bf6 10. Nc3 Nc6 11. Be3 d5 12. b3 Qd7 13. c5 Nc8 14. Bf4 a6 15. Qd2
h6 16. a3 N8e7 17. b4 Be4 18. Ne5 Bxe5 19. dxe5 Bf5 20. Bf3 Be6 21. Rfd1 Rfd8
22. Bh2 Na7 23. Ne2 c6 24. a4 Bf5 25. Nd4 Nac8 26. Be2 Bg6 27. g4 Qe8 28. f4
Qf8 29. f5 Bh7 30. Rf1 Kh8 31. h4 Ng8 32. a5 Re8 33. g5 g6 34. f6 Na7 35. e6
Nc8 36. Bg4 h5 37. Bh3 1-0

[Event "37. WGM March 8th"]
[Site "Belgrado SCG"]
[Date "2005.03.14"]
[Round "9.4"]
[White "Semenova, Irina"]
[Black "Petrovic, Marija"]
[Result "1/2-1/2"]
[WhiteElo "2303"]
[BlackElo "2221"]
[PlyCount "191"]
[EventDate "2005.03.06"]
[EventType "tourn"]
[EventRounds "9"]
[Source "lmi"]
[SourceDate "2005.03.15"]

1. e4 g6 2. d4 Bg7 3. Nc3 c6 4. h3 Qb6 5. Nf3 d6 6. Bc4 e6 7. O-O Ne7 8. Bb3 a5
9. Bg5 Qc7 10. Qd2 h6 11. Be3 b5 12. a4 b4 13. Ne2 d5 14. Bf4 Qd8 15. e5 Ba6
16. Rfe1 Nd7 17. c3 Rb8 18. Bd1 Qb6 19. Nc1 c5 20. dxc5 bxc3 21. cxb6 cxd2 22.
Bxd2 Nc6 23. Bc3 Nxb6 24. Nb3 Nc4 25. Nc5 Bc8 26. b3 Nb6 27. Be2 Nd7 28. Nxd7
Bxd7 29. Bb5 Na7 30. Bf1 Rxb3 31. Bxa5 O-O 32. Nd4 Rb7 33. Ba6 Rbb8 34. Bc7 Rb4
35. Red1 Bxa4 36. Rd2 Nc6 37. Nxc6 Bxc6 38. Bd6 Re4 39. Bxf8 Kxf8 40. Rc1 Be8
41. Re2 Rxe2 42. Bxe2 Bxe5 43. Rc8 Ke7 44. Kf1 Bd7 45. Ra8 Bd4 46. Bd3 e5 47.
Rb8 e4 48. Bb5 Be6 49. Rb7+ Kf6 50. Bd7 Bc3 51. Rb6 d4 52. f3 exf3 53. gxf3 Ke5
54. Rxe6+ fxe6 55. Ke2 g5 56. Be8 Kf4 57. Bf7 e5 58. Bg6 Kg3 59. Bf5 Bb2 60.
Bg4 Bc1 61. Kd3 Bf4 62. Ke2 Kg2 63. Kd3 Kf2 64. Bh5 Bc1 65. Bg4 Ba3 66. Bh5 Kg3
67. Bg4 Kf4 68. Bh5 Bd6 69. Bg4 e4+ 70. fxe4 Be5 71. Bh5 Kg3 72. Bg4 h5 73.
Bxh5 Kxh3 74. Ke2 Kg3 75. Bf7 Kf4 76. Bg6 g4 77. Bf5 g3 78. Bh3 Kxe4 79. Bg2+
Kf5 80. Kd3 Bf6 81. Bh3+ Ke5 82. Bg2 Bg5 83. Bf3 Be3 84. Bg2 Bf2 85. Bf3 Kd6
86. Kc4 Kc7 87. Bg2 Kb6 88. Kb4 Be3 89. Kc4 Ka5 90. Bc6 Bf2 91. Kb3 Kb6 92. Bg2
Kc5 93. Bf1 Be1 94. Kc2 Kb4 95. Kd3 Bf2 96. Kc2 1/2-1/2